000 01065 am a2200337ua 4500
999 _c1575
_d1575
001 012625955
003 OSt
005 20230112173143.0
008 990215s1997 enka j| 001 ||eng
015 _aGB97Y2797
_2bnb
020 _a9780431063133
039 0 _a2529
040 _aStDuBDS
_dUk
_dKH8
_c.
082 0 4 _a307.76 BRY
_221
100 1 _aBryant-Mole, Karen.
_eauthor
245 1 0 _aIn the town /
_cKaren Bryant-Mole.
260 _aOxford :
_bHeinemann Library,
_cc1997.
300 _a24p. :
_bcol. ill. ;
_c20 x 23cm.
336 _atext
_2rdacontent
337 _aunmediated
_2rdamedia
338 _avolume
_2rdacarrier
490 1 _aImages
500 _aIncludes index.
650 0 _aCities and towns
_xJuvenile literature.
650 0 _aCity and town life
_xJuvenile literature.
690 7 _aSocial Welfare
_2blcoll
800 1 _aBryant-Mole, Karen.
_tImages.
886 2 _2ukmarc
_a900
_b10
_aMole
_hKaren Bryant-
_xSee
_aBryant-Mole, Karen
_z100
886 2 _2ukmarc
_a900
_b10
_aMole
_hKaren Bryant-
_xSee
_aBryant-Mole, Karen
_z800
942 _2ddc
_cNFIC